[Event "AUS-ch"]
[Site "Gosford"]
[Date "1988.01.08"]
[Round "10.18"]
[White "Cassettari, Stephen"]
[Black "Barker, Geoffrey"]
[Result "1/2-1/2"]
[WhiteElo "1984"]
[BlackElo "2053"]
[PlyCount "55"]
[EventDate "1987.??.??"]
[EventType "swiss"]
[EventRounds "13"]
[EventCountry "AUS"]
[SourceTitle "EXT 2003"]
[Source "ChessBase"]
[SourceDate "2002.11.25"]
[SourceVersion "1"]
[SourceVersionDate "2002.11.25"]
[SourceQuality "1"]

1. e4 e6 2. d3 d5 3. Nd2 c5 4. g3 Nc6 5. Bg2 Nf6 6. Ngf3 Be7 7. 0-0 0-0 8. e5 Nd7 9. Re1 b5 10. Nf1 Bb7 11. h4 Rc8 12. Bf4 Re8 13. Bh3 Nf8 14. h5 Rc7 15. N1h2 d4 16. Nf1 Nb4 17. Bg2 Nd5 18. Qd2 Nd7 19. g4 Nxf4 20. Qxf4 Nb6 21. Ng3 Bxf3 22. Qxf3 Nd5 23. Ne4 a6 24. Qg3 h6 25. a3 Bg5 26. Nxg5 hxg5 27. Bxd5 Qxd5 28. Re2 1/2-1/2

[Event "AUS-ch"]
[Site "Gosford"]
[Date "1987.12.28"]
[Round "1.4"]
[White "Barker, Geoffrey"]
[Black "Solomon, Stephen J"]
[Result "0-1"]
[WhiteElo "2053"]
[BlackElo "2339"]
[PlyCount "108"]
[EventDate "1987.??.??"]
[EventType "swiss"]
[EventRounds "13"]
[EventCountry "AUS"]
[SourceTitle "EXT 2003"]
[Source "ChessBase"]
[SourceDate "2002.11.25"]
[SourceVersion "1"]
[SourceVersionDate "2002.11.25"]
[SourceQuality "1"]

1. d4 Nf6 2. c4 e6 3. Nc3 d5 4. Bg5 Nbd7 5. cxd5 exd5 6. e3 Be7 7. Bd3 c6 8. Qc2 Nf8 9. Nf3 Ne6 10. Bh4 g6 11. 0-0 0-0 12. Rab1 Ng7 13. b4 a6 14. a4 Bf5 15. b5 axb5 16. axb5 Bxd3 17. Qxd3 Nf5 18. Bxf6 Bxf6 19. Rb3 Nd6 20. Nd2 Ra5 21. Rfb1 Qd7 22. bxc6 bxc6 23. g3 Kg7 24. Kg2 Rfa8 25. Nf3 R8a7 26. Nd2 h5 27. h3 Bd8 28. Ne2 Bc7 29. Qc2 Nf5 30. Rc3 Ra2 31. Rb2 Ra1 32. Rxc6 Re1 33. Ng1 Rxe3 34. Qc5 Rd3 35. Rxg6+ fxg6 36. Qxa7 Nxd4 37. Rb7 Ne6 38. Ndf3 d4 39. Qa6 Nc5 40. Qc4 Rc3 41. Qb5 Qd6 42. Ra7 Rc2 43. Ne2 d3 44. Nf4 Ne4 45. Qb8 Rxf2+ 46. Kg1 Rxf3 47. Rxc7+ Kf6 48. Qh8+ Kg5 49. h4+ Kg4 50. Qc8+ Kxg3 51. Qh3+ Kxf4 52. Rf7+ Nf6 53. Qh2+ Rg3+ 54. Kf1 d2 0-1